Podmienky registrácie ochranných známok po vstupe Slovenskej republiky do Európskej únie
Možnosti registrácie ochranných známok na Slovensku a v zahraničí. Ochranná známka spoločenstva /CTM - the Community trade mark/.
Guardado en:
| Autor principal: | |
|---|---|
| Otros Autores: | |
| Formato: | Capítulo de libro |
| Lenguaje: | eslovaco |
| Materias: | |
| Etiquetas: |
Sin Etiquetas, Sea el primero en etiquetar este registro!
|
MARC
| LEADER | 00000naa$a2200000$$$4500 | ||
|---|---|---|---|
| 001 | 0011751 | ||
| 005 | 20230919094110.7 | ||
| 041 | 0 | |a slo | |
| 044 | |a SK | ||
| 245 | 1 | 0 | |a Podmienky registrácie ochranných známok po vstupe Slovenskej republiky do Európskej únie |c aut. Anna Dudášková, Ľubomír Dibdiak |
| 520 | |a Možnosti registrácie ochranných známok na Slovensku a v zahraničí. Ochranná známka spoločenstva /CTM - the Community trade mark/. | ||
| 610 | 2 | 0 | |a známky ochranné |
| 610 | 2 | 0 | |a Slovensko |
| 610 | 2 | 0 | |a Európska únia |
| 100 | 1 | |a Dudášková, Anna | |
| 700 | 1 | |a Dibdiak, Ľubomír | |